000 01156cam a2200289 i 4500
001 17802069
005 20150121143555.0
008 130705s2014 nju b 001 0 eng
010 _a 2013021885
020 _a9781118637227 (pbk.)
040 _aDLC
_beng
_cDLC
_erda
_dDLC
042 _apcc
050 0 0 _aTX 911.5
_b.M38 2014
082 0 0 _a338.4/7910072
100 1 _aMayo, Frederic B.
245 1 0 _aPlanning an applied research project in hospitality, tourism, and sports /
_cFrederic B. Mayo, Clinical Professor Preston Robert Tisch Center for Hospitality, Tourism, and Sports Management, New York University.
260 _aHoboken, New Jersey :
_bJohn Wiley & Sons, Inc.,
_cc2014.
300 _axiv, 258 pages :
_c23 cm
504 _aIncludes bibliographical references and index.
521 _aTourism
650 0 _aHospitality industry
_xResearch
_xMethodology.
650 0 _aTourism
_xResearch
_xMethodology.
650 0 _aSports
_xResearch
_xMethodology.
906 _a7
_bcbc
_corignew
_d1
_eecip
_f20
_gy-gencatlg
942 _2lcc
_cBK
_kFOR
999 _c277099
_d277099